00335 a2200109 4500001001000000005001700010008004100027245004700068100002100115773007200136999001700208ART_1185420260410161901.0260409a 10aIncome tax progressivity and labour supply1 aHemming, Richard0 tJournal of public economicsg- Vol. 14, NÂș 1 (ago. 1980)wREV11485 c25900d25900